[Event "28th WSCC Open 65 2018"]
[Site "Bled"]
[Date "2018.11.29"]
[Round "11"]
[White "Haubt, Georg"]
[Black "Ackermann, Hans Werner"]
[Result "1-0"]
[WhiteElo "2136"]
[BlackElo "2272"]
[Annotator "NA RC"]
[PlyCount "122"]
[EventDate "2018.11.17"]
[EventType "swiss"]
[EventCountry "SLO"]
[SourceTitle "playchess.com"]
[Source "ChessBase"]
[SourceQuality "1"]
[TimeControl "40/5400+30:1800+30"]

1. e4 d6 2. d4 g6 3. Nc3 a6 4. a4 Bg7 5. Be3 Nd7 6. Qd2 b6 7. g3 {B06: Modern Defence} (7. f4 Bb7 8. Nf3 e6 9. Bd3 Ngf6 10. h3 c5 11. e5 cxd4 12. Bxd4 Nh5 13. Be4 d5 14. Bd3 Ng3 {½-½ (69) Khotenashvili,B (2484)-Paehtz,E (2468) Tbilisi 2018}) 7... Bb7 8. Bg2 c5 9. Nge2 cxd4 10. Nxd4 $146 ({Predecessor:} 10. Bxd4 Ngf6 11. Nd5 e5 12. Be3 Bxd5 13. exd5 O-O {1-0 (36) Sodoma,J (2348)-Michalek,J (2335) Czechia 2011}) 10... Ne5 11. Qe2 Rc8 12. Rd1 e6 13. O-O Ne7 14. f4 Nd7 15. Bh3 O-O {[#]} 16. f5 $2 (16. Nxe6 $1 $18 {[%mdl 512]} fxe6 17. Bxe6+ Kh8 18. Rxd6) 16... exf5 (16... gxf5 $14 17. Bg5 Rxc3 18. bxc3 Bxe4) 17. exf5 Rc7 ({Better is} 17... Qc7) 18. Bg5 Bxd4+ $2 (18... Be5 $16 19. Qg4 Qe8) 19. Rxd4 Ne5 $2 (19... f6) 20. Bf6 N7c6 21. Bxd8 Nxd4 22. Bxc7 Nxe2+ 23. Nxe2 Rc8 24. Bxd6 Nf3+ 25. Rxf3 Bxf3 26. Nd4 Rd8 27. Be5 Bd1 28. Bf1 Rd5 {[#]} 29. Nc6 $1 ({Worse is} 29. Bxa6 Rxe5 30. fxg6 hxg6 $11) 29... Kf8 30. fxg6 hxg6 31. c4 Rd2 32. Bc3 Rc2 33. Nd4 Rc1 34. a5 bxa5 35. Bxa5 Bg4 36. Kf2 Ke8 37. Bc3 Bc8 38. c5 Rd1 39. Bc4 Rh1 40. Nf3 Bb7 41. h4 f5 42. Ne5 f4 43. c6 Bc8 44. Nxg6 fxg3+ 45. Kg2 Rc1 46. h5 Bf5 47. Bd5 a5 48. Ne5 a4 49. Nc4 Ke7 50. Bb4+ Kf6 $18 51. Kxg3 Be6 52. Bxe6 Kxe6 53. Bc3 Rg1+ 54. Kf4 Rf1+ 55. Kg5 Rf5+ 56. Kg6 Rc5 57. Na3 Rxc6 58. h6 Rd6 59. h7 Rd1 60. h8=Q Rd8 61. Qf6+ Kd5 1-0

[Event "28th WSCC Open 65 2018"]
[Site "Bled"]
[Date "2018.11.29"]
[Round "11"]
[White "Gal, Moshe"]
[Black "Giffard, Nicolas"]
[Result "1/2-1/2"]
[WhiteElo "2116"]
[BlackElo "2249"]
[Annotator "RC"]
[PlyCount "71"]
[EventDate "2018.11.17"]
[EventType "swiss"]
[EventCountry "SLO"]
[SourceTitle "playchess.com"]
[Source "ChessBase"]
[SourceQuality "1"]
[TimeControl "40/5400+30:1800+30"]

1. Nf3 d5 2. e3 Nf6 3. c4 c6 4. Nc3 g6 5. cxd5 Nxd5 6. Bc4 Bg7 7. Qb3 e6 8. d4 O-O 9. O-O Nd7 10. Rd1 h6 11. e4 N5b6 12. Be2 Qe7 13. Be3 Nf6 14. h3 Rd8 15. a4 Nbd7 16. a5 a6 17. Rd2 Bf8 18. Rad1 Re8 19. Bc4 Qb4 20. Qa2 b5 21. Bf1 Bb7 22. e5 Nd5 23. Nxd5 exd5 24. Rc2 Bg7 25. Bd2 Qe7 26. b4 Nf8 27. Bd3 Ne6 28. Re1 Rac8 29. Qb2 Rc7 30. Qc1 Qf8 31. Bc3 Bc8 32. Rce2 Bd7 33. Bd2 Rcc8 34. Bb1 Rc7 35. Bc3 Rcc8 36. Bd2 1/2-1/2